| 000 | 00519nam a2200157 i 4500 | ||
|---|---|---|---|
| 001 | 42494 | ||
| 003 | ES-MaACL | ||
| 007 | t| | ||
| 008 | 030402s1870 sp ||||1| spa d | ||
| 245 | 0 | 0 | _aTratado de amistad, comercio y navegación entre España y el Reino de Siam, firmado en Bangkok el 23 de Febrero de 1870. |
| 260 |
_a[S.l. : _bs.n., _c1870] |
||
| 300 |
_a23 p. ; _c27 cm. |
||
| 500 | _aEjemplar sin port., datos tomados de la p. 1. | ||
| 500 | _aTexto en castellano e inglés. | ||
| 852 |
_aES-MaACL _jT-500-F-16 |
||
| 999 |
_c42494 _d42494 |
||